000 00512nam a2200169Ia 4500
005 20250508155115.0
008 008 250505s9999 xx 000 0 eng d
037 _aBooks to be hide in OPAC
040 _aFEDL
_beng
_cFEDL
041 _aeng
_2eng
084 _a370.6, UNI/O
_qFEDL
245 0 _aProceedings of the sixth conference of the Indian National Commission for cooperation with Unesco
260 _c1964
300 _aii,107p
942 _cHB
_h370.6, UNI/O
999 _c1354269
_d1354269